21 Największych Miast Mazowsza - Statystyki

Ogólne statystyki
  • Ten quiz został rozwiązany 915 razy
    501 od ostatniego zresetowania
  • Średni wynik to 13 z 21
Statystyki odpowiedzi
Liczba mieszkańców Miasto % Poprawnych
1.8 mln. Warszawa
100%
210 tyś. Radom
96%
119 tyś. Płock
88%
61 tyś. Pruszków
80%
78 tyś. Siedlce
79%
54 tyś. Legionowo
74%
52 tyś. Ostrołęka
72%
48 tyś. Piaseczno
70%
44 tyś. Otwock
63%
43 tyś. Ciechanów
62%
41 tyś. Mińsk Mazowiecki
62%
37 tyś. Wołomin
57%
28 tyś. Nowy Dwór Mazowiecki
55%
32 tyś Grodzisk Mazowiecki
52%
40 tyś. Żyrardów
51%
34 tyś. Mława
49%
37 tyś. Sochaczew
47%
35 tyś. Marki
46%
35 tyś. Ząbki
45%
27 tyś. Wyszków
44%
24 tyś. Kobyłka
23%
Nie znaleziono quizów pasujących do podanych kryteriów
Rozkład punktacji
Procent ludzi z każdym wynikiem
Percentyl według liczby udzielonych odpowiedzi
Twoja historia wyników
Nie rozwiązałeś tego quizu od ostatniego zresetowania